书目信息 |
| 题名: |
信号与系统
|
|
| 作者: | 奥本海姆 , 威尔开斯凯 , 纳瓦布 , 奥本海姆 著 ;刘树棠 译 | |
| 分册: | ||
| 出版信息: | 北京 电子工业出版社 2013 |
|
| 页数: | 22,605页 | |
| 开本: | 26cm | |
| 丛书名: | ||
| 单 册: | ||
| 中图分类: | TN911.6 | |
| 科图分类: | ||
| 主题词: | 信号系统--教材 , 信号理论 , 信号理论--教材 , 信号系统 | |
| 电子资源: | ||
| ISBN: | 978-7-121-19427-6 | |
| 000 | 01499nam0 2200337 450 | |
| 001 | 140502 | |
| 005 | 20140928162224.40 | |
| 010 | @a978-7-121-19427-6@dCNY 69.00 | |
| 100 | @a20130328d2013 em y0chiy50 ea | |
| 101 | 1 | @achi@ceng |
| 102 | @aCN@b110000 | |
| 105 | @aa z 000yy | |
| 200 | 1 | @a信号与系统@Axin hao yu xi tong@b专著@dSignals and systems@f(美)奥本海姆,(美)Alan S. Willsky,(美)S.Hamid Nawab著@F(mei)ao ben hai mu,(mei)Alan S.Willsky,(mei)S.Hamid Nawab zhu@g刘树棠译@zeng |
| 210 | @a北京@c电子工业出版社@d2013 | |
| 215 | @a22,605页@c图@d26cm | |
| 300 | @a国外电子与通信教材系列 | |
| 305 | @aPearson Education(培生教育出版集团)授权出版 据原书第2版译出 | |
| 330 | @a本书共分11章,主要讲述了线性系统的基本理论、信号与系统的基本概念、线性时不变系统、连续与离散信号的傅里叶表示、傅里叶变换以及时域和频域系统的分析方法等内容。本书作者使用了大量在滤波、采样、通信和反馈系统中的实例,并行讨论了连续系统、离散系统、时域系统和频域系统的分析方法。 | |
| 510 | 1 | @aSignals and systems@zeng |
| 606 | 0 | @a信号系统@j教材 |
| 606 | 0 | @a信号理论 |
| 606 | 0 | @a信号理论@j教材 |
| 606 | 0 | @a信号系统 |
| 690 | @aTN911.6@v5 | |
| 701 | 0 | @c(美)@a奥本海姆@Aao ben hai mu@c(Oppenheim, Alan V.@f1937 )@4著 |
| 701 | 0 | @c(美)@a威尔开斯凯@Awei er kai si kai@c(Willsky, Alan S.)@4著 |
| 701 | 0 | @c(美)@a纳瓦布@Ana wa bu@c(Nawab, S. Hamid)@4著 |
| 701 | 0 | @a奥本海姆@Aao ben hai mu@4著 |
| 702 | 0 | @a刘树棠@Aliu shu tang@f(1937 )@4译 |
| 801 | 0 | @c20140928 |
| 905 | @a241430@dTN911.6@eA759 | |
| 信号与系统=Signals and systems/(美)奥本海姆,(美)Alan S. Willsky,(美)S.Hamid Nawab著/刘树棠译.-北京:电子工业出版社,2013 |
| 22,605页:图;26cm |
| 国外电子与通信教材系列 |
| ISBN 978-7-121-19427-6:CNY 69.00 |
| 本书共分11章,主要讲述了线性系统的基本理论、信号与系统的基本概念、线性时不变系统、连续与离散信号的傅里叶表示、傅里叶变换以及时域和频域系统的分析方法等内容。本书作者使用了大量在滤波、采样、通信和反馈系统中的实例,并行讨论了连续系统、离散系统、时域系统和频域系统的分析方法。 |
| ● |
| 相关链接 |
|
|
|
正题名:信号与系统
索取号:TN911.6/A759
 
预约/预借
| 序号 | 登录号 | 条形码 | 馆藏地/架位号 | 状态 | 备注 |
| 1 | 0835354 | 208353547 | 期刊室512/301自科库 26排4列1层/ [索取号:TN911.6/A759] | 在馆 | |
| 2 | 0835355 | 208353556 | 期刊室512/301自科库 26排4列1层/ [索取号:TN911.6/A759] | 在馆 | |
| 3 | 0835356 | 208353565 | 自科库301/301自科库 26排4列1层/ [索取号:TN911.6/A759] | 在馆 |